000 00313nam a22001337a 4500
008 170726b xxu||||| |||| 00| 0 eng d
020 _a0835944085
041 _aeng
080 _a004
100 _a30
101 _aSHK
245 _aMICROCOMPUTER ACCOUNTING AND BUSINESS APPLICATIONS
_cPAGE,J
942 _2udc
_cBK
999 _c21947
_d21947